| 000 | 00875nam a2200217 a 4500 | ||
|---|---|---|---|
| 008 | 210223s2010 ||||||||||||||||| || u | ||
| 020 | _a9781559539845 | ||
| 050 | _aQA 154.3 Mur | ||
| 100 | _aMurdock, Jerald | ||
| 245 | 1 | 0 |
_aDiscovering advanced algebra : an investigative approach (Second edition) _cBy Jerald Murdock; Ellen Kamischke; Eric Kamischke |
| 250 | _aSecond edition | ||
| 260 |
_aEmeryville, California _bKey Curriculum Press _c2010 |
||
| 300 | _axiv, 881 pages : illustrations | ||
| 650 | _aGRAPHIC CALCULATORS | ||
| 650 | 0 | _aALGEBRA | |
| 650 | _aALGEBRA--STUDY AND TEACHING | ||
| 650 | _aALGEBRA--GRAPHIC METHODS--TEXTBOOKS | ||
| 700 | _aKamischke,Eric | ||
| 700 | _aKamischke, Ellen | ||
| 995 |
_D134.93 _FCBU-MAIN LIBRARY (Kitwe) _M1 _UAVAILABLE _WMar 3, 2021 _ZMain Library Open Access Collection |
||
| 999 |
_c40294 _d40294 |
||